000 00406nam a2200157Ia 4500
008 230711s9999||||xx |||||||||||||| ||und||
041 _aENG
082 _a621
_bFL-E
100 _aFletcher,Willam I
245 0 _aEngineering approach to digital design
250 _a1st Ed.
260 _c2007
_aNew Delhi
_bPHI Learning Private Limited
300 _a766
650 _aElectronics Engineering
942 _cBK
999 _c4834
_d4834